| 000 | 01608 a2200205 4500 | ||
|---|---|---|---|
| 001 | 42044 | ||
| 005 | 20260407155711.0 | ||
| 008 | 260407a1974 arg spa d | ||
| 003 | AR-UNSa-BCEJYS | ||
| 040 |
_aAR-UNSa-BCEJYS _bspa _cAR-UNSa-BCEJYS |
||
| 080 |
_a347.44 _xContratos en general. Obligaciones |
||
| 245 | 1 | 0 |
_aInstituciones de derecho civil _pcontratos |
| 264 | 1 |
_aBuenos Aires : _bEdiciones Depalma _c1974 |
|
| 300 |
_a5 v. (337 ; 402 ; 653 ; 710 ; 533 p.) _c23 cm. |
||
| 505 | _aVol. I: 1. Introducción a la doctrina general del contrato - 2. Ambito de aplicación del contrato - 3. Clasificaciones de los contratos - 4. Formación del contrato -- Vol. II: 5. Antecontrato. Autocontrato. Interpretación contractual - 6. Capacidad para contratar -- Vol. III: 7. Causa y objeto de los contratos - 8. La forma en los contratos - 9. La prueba en los contratos - 10. Efectos de los contratos entre las partes. Situación de los sucesores singulares y de los terceros - 11. Fuerza obligatoria de los contratos - 12. Estipulaciones en favor de tercero, a cargo de tercero y a nombre de tercero - 13. Acción subrogatoria y acción directa - 14. Excepciones de incumplimiento y pacto comisorio - 15. Causales de resolución y extinción de los contratos -- Vol. IV: 16. Compraventa y permuta - 17. Efectos de la compraventa - 18. Cesión de créditos - 19. Locación de cosas -- Vol. V: 20. Locación de cosas - 21. Locación de servicios (contrato de trabajo) - 22. Locación de obra - | ||
| 041 | _aspa | ||
| 942 | _cBK | ||
| 590 | _aniveau_biblio:m niveau_hierar:0 | ||
| 100 | 1 | _aSpota, Alberto G. | |
| 999 |
_c3569 _d3569 |
||